000 00429nam a22001817a 4500
999 _c11546
_d11546
003 OSt
008 220920b ||||| |||| 00| 0 eng d
020 _a9789353066286
100 _aFISHER,Donald E
245 _aSecurity Analysis and Portfolio Management
250 _a6th
260 _aNew Delhi
_bPearson
_c2022
300 _a770
650 _aMBA
700 _aJORDAN,Ronald J
700 _aPRADHAN,AK
942 _2ddc
_cBK